000 00375nam a2200145 i 4500
001 145652
003 ES-MaACL
007 t|
008 071015s1924 fr ||||1| fre d
100 1 _aVernadsky, W.
_9114156
245 1 3 _aLa géochimie /
_cpar W. Vernadsky.
260 _aParis :
_bFélix Alcan,
_c1924.
300 _aIII, 404 p. ;
_c19 cm.
852 _aES-MaACL
_jB-6797
999 _c145652
_d145652